000101286 001__ 101286 000101286 005__ 20210415110710.0 000101286 037__ $$aTAZ-TFM-2021-076 000101286 041__ $$aspa 000101286 1001_ $$aCastelló Gorgues, Juan 000101286 24200 $$aTeaching by playing is possible. Gamification in the classroom 000101286 24500 $$aEnseñar jugando es posible. Ludificación en el aula 000101286 260__ $$aZaragoza$$bUniversidad de Zaragoza$$c2021 000101286 506__ $$aby-nc-sa$$bCreative Commons$$c3.0$$uhttp://creativecommons.org/licenses/by-nc-sa/3.0/ 000101286 520__ $$aEl Máster del Profesorado proporciona, además de la habilitación necesaria para ejercer como tal, la consecución de una serie de competencias técnicas y personales que capacitan para ejercer como docente con plenas garantías. El itinerario formativo del máster recorre una serie de conceptos, conocimientos y técnicas en los que se analizan y trabajan desde las grandes corrientes pedagógicas hasta el diseño, creación y evaluación de actividades didácticas. Una vez recorrido este camino, el Trabajo Fin de Máster proporciona la oportunidad de revisar el contenido del máster y reflexionar de forma crítica para extraer conclusiones y aportar propuestas innovadoras a la docencia. En este caso, este trabajo reflexiona sobre las metodologías activas y justifica la oportunidad de apostar por la ludificación como metodología motivadora y facilitadora del aprendizaje, y el papel de las plataformas tecnológicas en la penetración de esta metodología en las aulas, con riesgos y oportunidades. Finalmente, se ha desarrollado alguna pequeña.<br /> 000101286 521__ $$aMáster Universitario en Profesorado de Educación Secundaria Obligatoria, Bachillerato, Formación Profesional y Enseñanza de Idiomas, Artísticas y Deportivas 000101286 540__ $$aDerechos regulados por licencia Creative Commons 000101286 700__ $$aRomanos Hernando, Fernando$$edir. 000101286 7102_ $$aUniversidad de Zaragoza$$bDidáctica de las Lenguas y de las Ciencias Humanas y Sociales$$cDidáctica de las Ciencias Sociales 000101286 8560_ $$f118706@unizar.es 000101286 8564_ $$s3297657$$uhttps://zaguan.unizar.es/record/101286/files/TAZ-TFM-2021-076.pdf$$yMemoria (spa) 000101286 909CO $$ooai:zaguan.unizar.es:101286$$pdriver$$ptrabajos-fin-master 000101286 950__ $$a 000101286 951__ $$adeposita:2021-04-15 000101286 980__ $$aTAZ$$bTFM$$cFEDU 000101286 999__ $$a20210209130013.CREATION_DATE